Direito de informática : (Record no. 1375)

MARC details
000 -LÍDER
Campo Fixo de Controle 00841nam a2200253 a 4500
001 - NÚMERO DE CONTROLE
Campo de Controle 1375
003 - IDENTIFICAÇÃO DO NÚMERO DE CONTROLE
Campo de Controle BR-CuiBMT
005 - DATA E HORA DA ÚLTIMA ATUALIZAÇÃO
Campo de Controle 20231206020234.0
008 - DADOS FIXOS
Dados Fixos 231206s2012 spba 000 0 por d
020 ## - INTERNATIONAL STANDARD BOOK NUMBER
Nº do ISBN 9788522472390
040 ## - AGÊNCIA CATALOGADORA
Código da Agência Catalogadora BR-CuiBMT
Agência que transcreveu o registro BR-CuiBMT
080 ## - Nº DA CLASSIFICAÇÃO DECIMAL UNIVERSAL
Nº Class. CDU 34:004
Nº edição CDU 2007
090 ## - NÚMERO DE CHAMADA
Nº classificação 34:004
Cutter P126d
Ano/Edição 8. ed.
100 1# - ENTRADA PRINCIPAL -- AUTOR PESSOAL
Nome pessoal Paesani, Liliana Minardi
245 10 - TÍTULO PRINCIPAL
Título principal Direito de informática :
Subtítulo comercialização e desenvolvimento internacional do software /
Indicação de responsabilidade Liliana Minardi Paesani.
250 ## - EDIÇÃO
Edição 8. ed.
260 ## - PUBLICAÇÃO, DISTRIBUIÇÃO, ETC.
Local de publicação São Paulo :
Editora Atlas,
Data 2012.
300 ## - DESCRIÇÃO FÍSICA
N. páginas ou volumes xx, 121 p. :
Ilustrações il. ;
Dimensões 24 cm
504 ## - NOTA DE BIBLIOGRAFIA, ETC.
Nota de bibliografia Inclui bibliografia.
650 ## - ASSUNTO TÓPICO
Cabeçalho tópico ou nome geográfico Informática
Subdivisão geral Legislação
Subdivisão geográfica Brasil
650 ## - ASSUNTO TÓPICO
Cabeçalho tópico ou nome geográfico Software
Subdivisão geral Aspectos jurídicos
Subdivisão geográfica Países do Mercosul
650 ## - ASSUNTO TÓPICO
Cabeçalho tópico ou nome geográfico Informática
Subdivisão geral Regulamentação
Subdivisão geográfica Direito comparado
942 ## - ELEMENTOS DE ENTRADA ADICIONAIS (KOHA)
Fonte de classificação ou esquema de arquivamento Classificação Decimal Universal
Tipo de item do Koha Livros
Holdings
Estado: removido Estado: perdido Fonte de classificação ou esquema de arquivamento Estado: danificado Indisponível para empréstimo Localização permanente Localização atual Data de aquisição Total Checkouts Número de Chamada completo Código de barras Date last seen Número do exemplar Preço efetivo a partir de Tipo de item (Koha)
    Classificação Decimal Universal     Biblioteca da Escola Superior de Contas do TCE/MT Biblioteca da Escola Superior de Contas do TCE/MT 06/12/2023   34:004 P126d 8. ed. BIBTCEMT23120255 06/12/2023 Ex. 1 06/12/2023 Livros

Powered by Koha